[Event "AUTO-ADV-661"]
[Site "http://www.queenalice.com/game.php?id=277608"]
[Date "2007.9.27"]
[Round "1"]
[White "oimbativel"]
[Black "anax"]
[Result "1-0"]
[WhiteElo "1924"]
[BlackElo "1846"]

1. e4 e5 2. Bc4 Nf6 3. d3 h6 4. h3 d6 5. Nc3 a6 6. Qf3 Nc6 7. a3 Qe7 8. Nd5 Nxd5
9. Bxd5 Nd4 10. Qd1 c6 11. Ba2 b5 12. Nf3 Nxf3+ 13. gxf3 Qf6 14. Qe2 Be7 15. Be3
O-O 16. h4 Qg6 17. O-O-O Qf6 18. h5 Be6 19. Bb1 d5 20. d4 Bd6 21. Rhg1 a5 22. c3
Rfc8 23. Qd2 Kf8 24. dxe5 Bxe5 25. Bc5+ Ke8 26. Be3 Qxf3 27. Rh1 Rd8 28. exd5
Bxd5 29. Qe1 Qf6 30. Bd4 Qg5+ 31. Rd2 Bxh1 32. Qxh1 Rac8 33. Be3 Bf4 34. Qe4+
Kf8 35. Bxf4 Qg1+ 36. Kc2 Rxd2+ 37. Bxd2 Qxf2 38. Qd3 Re8 39. Kb3 a4+ 40. Ka2 c5
41. Qd6+ Kg8 42. Bf4 c4 43. Be5 Qe3 44. Bd4 Qg5 45. Qc6 Rd8 46. Qe4 Kf8 47. Qh7
f6 48. Bg6 Ke7 49. Qxg7+ Ke6 50. Qf7+ Kd6 51. Bxf6 1-0

[Event "AUTO-ADV-661"]
[Site "http://www.queenalice.com/game.php?id=277617"]
[Date "2007.9.27"]
[Round "1"]
[White "oimbativel"]
[Black "salso"]
[Result "0-1"]
[WhiteElo "1895"]
[BlackElo "2107"]

1. e4 e5 2. Bc4 Nf6 3. Qf3 Be7 4. d4 d6 5. dxe5 dxe5 6. Bg5 Nc6 7. Ne2 Nd4 8.
Qd3 O-O 9. Be3 c5 10. Nbc3 a6 11. h3 b5 12. Bd5 Rb8 13. O-O-O Bb7 14. Bxb7 Rxb7
15. h4 Rd7 16. Bg5 Nb3+ 17. axb3 Rxd3 18. cxd3 Ng4 19. Be3 Nxe3 20. fxe3 Bxh4
21. Nd5 Bg5 22. Ng3 g6 23. Rhf1 Kg7 24. Ne2 f5 25. Nec3 f4 26. exf4 exf4 27. Kc2
Bh6 28. Ne2 g5 29. Rh1 Kg6 30. Ndc3 Bg7 31. Nd5 h5 32. Rd2 Qe8 33. Ng1 Qe5 34.
Kd1 g4 35. Ne2 c4 36. dxc4 Qxe4 37. Re1 Qb1+ 38. Nc1 Bxb2 39. Rc2 Bxc1 40. Rxc1
Qd3# 0-1

[Event "AUTO-ADV-661"]
[Site "http://www.queenalice.com/game.php?id=277618"]
[Date "2007.9.27"]
[Round "1"]
[White "salso"]
[Black "oimbativel"]
[Result "1-0"]
[WhiteElo "2101"]
[BlackElo "1883"]

1. e4 e5 2. Nf3 Nc6 3. Bb5 Nge7 4. O-O a6 5. Bxc6 Nxc6 6. d4 exd4 7. Nxd4 Ne5 8.
Nc3 d6 9. f4 Ng4 10. h3 Nh6 11. Qf3 g6 12. f5 g5 13. f6 g4 14. hxg4 Bxg4 15. Qf2
Rg8 16. Bxh6 Bxh6 17. Nde2 Bh3 18. Ng3 Be6 19. Nd5 Bg5 20. Nh5 Bg4 21. Ng7+ Kd7
22. Qg3 h5 23. e5 Bh6 24. exd6 Bxg7 25. fxg7 Rxg7 26. dxc7 Qg5 27. Nb6+ Kc6 28.
Nxa8 h4 29. Qc3+ Kd6 30. Rf6+ Ke7 31. Re1+ Be6 32. Rfxe6+ fxe6 33. Qxg7+ Qxg7
34. c8=Q Qd4+ 35. Kh1 Qd7 36. Qxd7+ Kxd7 37. Kh2 Kd6 38. Kh3 e5 39. Kxh4 Kd5 40.
g4 Kd4 41. g5 e4 42. g6 e3 43. g7 1-0

[Event "anax"]
[Site "http://www.queenalice.com/game.php?id=304053"]
[Date "2007.11.15"]
[Round "1"]
[White "lobo"]
[Black "oimbativel"]
[Result "0-1"]
[WhiteElo "1894"]
[BlackElo "1915"]

1. e4 e5 2. Nf3 Nc6 3. Bb5 Nge7 4. Nc3 h6 5. d3 d6 6. d4 Bd7 7. d5 Nb8 8. Qd3 a6
9. Bc4 b5 10. Bb3 Ng6 11. h3 Be7 12. a3 Bg5 13. Nxg5 hxg5 14. g4 Qf6 15. Bd2 Nh4
16. Qg3 Nf3+ 17. Kd1 a5 18. Be3 a4 19. Ba2 Na6 20. Qg2 Rh4 21. Ne2 b4 22. Ng3 g6
23. Qf1 bxa3 24. bxa3 c5 25. dxc6 Bxc6 26. Qc4 Bd7 27. Qd5 Nc7 28. Qc4 Rc8 29.
Qb4 Ne6 30. Qxd6 Rxc2 31. Kxc2 Ned4+ 32. Qxd4 exd4 33. Bd2 Qc6+ 34. Kd3 Qb5+ 35.
Bc4 Qb2 36. Ke2 Nxd2 37. Bxf7+ Kxf7 38. Rad1 Bb5+ 0-1

[Event "Challenge"]
[Site "http://www.queenalice.com/game.php?id=323782"]
[Date "2007.12.21"]
[Round "-"]
[White "juim"]
[Black "oimbativel"]
[Result "0-1"]
[WhiteElo "1732"]
[BlackElo "1904"]

1. d4 e6 2. e4 d5 3. exd5 Qxd5 4. Nc3 Bb4 5. Ne2 Nc6 6. Bf4 Ba5 7. a3 Nge7 8.
Bd2 Qd7 9. Be3 Nd5 10. Bg5 e5 11. g3 exd4 12. Nxd4 Nxc3 13. bxc3 Bxc3+ 14. Bd2
Bxa1 15. Qxa1 Nxd4 16. Qb1 O-O 17. Bd3 Re8+ 18. Be3 Nf3+ 19. Ke2 Qc6 20. Bb5
Nd4+ 21. Kd2 Nxb5 22. Re1 Qd5+ 23. Ke2 Nc3+ 0-1

[Event "Challenge"]
[Site "http://www.queenalice.com/game.php?id=323783"]
[Date "2007.12.21"]
[Round "-"]
[White "oimbativel"]
[Black "juim"]
[Result "1-0"]
[WhiteElo "1891"]
[BlackElo "1732"]

1. e4 d5 2. exd5 Nf6 3. Bc4 Nxd5 4. Qf3 e6 5. Nc3 Nxc3 6. Qxc3 Nd7 7. d3 Nb6 8.
Bb3 Bd6 9. Qxg7 Kd7 10. Qxf7+ Qe7 11. Qh5 c5 12. Bg5 Qf8 13. Nf3 h6 14. Be3 a5
15. Ne5+ Kc7 16. Ng6 Qe8 17. g4 Kb8 18. Nxh8 Qxh8 19. Bxc5 Qxb2 20. Bxd6+ Ka7
21. Qxa5# 1-0

[Event "Um bom jogo pra vc!"]
[Site "http://www.queenalice.com/game.php?id=338910"]
[Date "2008.1.19"]
[Round "-"]
[White "IRAN_SILVA"]
[Black "oimbativel"]
[Result "0-1"]
[WhiteElo "2024"]
[BlackElo "1955"]

1. e4 e5 2. Nf3 Nc6 3. Bb5 Nge7 4. Nc3 a6 5. Ba4 h6 6. d4 b5 7. Bb3 exd4 8. Nxd4
Bb7 9. Nxc6 Nxc6 10. Nd5 a5 11. c3 a4 12. Bc2 Bd6 13. O-O Qh4 14. f4 O-O-O 15.
a3 g5 16. e5 Bc5+ 17. Kh1 Ne7 18. Nxe7+ Bxe7 19. Qe2 g4 20. Qxb5 g3 21. h3 Qxh3+
0-1

[Event "Um bom jogo pra vc!"]
[Site "http://www.queenalice.com/game.php?id=338912"]
[Date "2008.1.19"]
[Round "-"]
[White "oimbativel"]
[Black "IRAN_SILVA"]
[Result "1-0"]
[WhiteElo "1975"]
[BlackElo "1981"]

1. e4 c5 2. Bc4 e6 3. d3 d5 4. exd5 exd5 5. Bb3 Be7 6. Nf3 Bg4 7. Nbd2 Nf6 8. h3
Bd7 9. a3 Nc6 10. O-O Qc7 11. c4 d4 12. Re1 O-O 13. Ne4 Nxe4 14. dxe4 Ne5 15.
Bf4 Nxf3+ 16. Qxf3 Qb6 17. Rab1 Bc6 18. Bc2 f5 19. Qg3 fxe4 20. Be5 Bf6 21. Bxe4
Bxe5 22. Qxe5 Rae8 23. Bd5+ Kh8 24. Qh5 Rxe1+ 25. Rxe1 Bxd5 26. cxd5 Qxb2 27.
Re2 Qxa3 28. Re7 b6 29. Qe5 Qc1+ 30. Kh2 Qf4+ 31. Qxf4 1-0

[Event "AUTO-OPEN-776"]
[Site "http://www.queenalice.com/game.php?id=345169"]
[Date "2008.1.29"]
[Round "2"]
[White "J_Ricardo"]
[Black "oimbativel"]
[Result "0-1"]
[WhiteElo "1503"]
[BlackElo "1933"]

1. e4 e5 2. Nf3 d6 3. d3 h6 4. Nc3 Nf6 5. Be3 Bg4 6. h3 Be6 7. Be2 a6 8. a3 Nc6
9. Qd2 d5 10. Na2 d4 11. Bxh6 gxh6 12. Nc1 Bd6 13. O-O Bf8 14. c3 Rg8 15. Nh4
Nxe4 16. dxe4 Qxh4 17. Nd3 Bxh3 18. Bf3 O-O-O 19. cxd4 Nxd4 20. Nxe5 Nxf3+ 21.
Kh1 Bxg2# 0-1

[Event "AUTO-OPEN-776"]
[Site "http://www.queenalice.com/game.php?id=345170"]
[Date "2008.1.29"]
[Round "2"]
[White "oimbativel"]
[Black "J_Ricardo"]
[Result "1-0"]
[WhiteElo "1975"]
[BlackElo "1488"]

1. e4 e5 2. Bc4 Nf6 3. d3 Bc5 4. h3 Nc6 5. Nf3 h6 6. a3 a6 7. Nc3 d6 8. Qe2 O-O
9. g4 Nh7 10. Rg1 b5 11. Bd5 Bb7 12. g5 hxg5 13. Bxg5 Nxg5 14. Nxg5 Qf6 15.
O-O-O g6 16. Nf3 Ne7 17. Bxb7 Ra7 18. Bd5 c6 19. Bb3 Kg7 20. h4 Rh8 21. Rh1 Ng8
22. Rdf1 Kf8 23. Kd1 b4 24. axb4 Bxb4 25. Qe3 a5 26. Qxa7 Qxf3+ 27. Ne2 Nf6 28.
Qxf7# 1-0

[Event "AUTO-OPEN-776"]
[Site "http://www.queenalice.com/game.php?id=345173"]
[Date "2008.1.29"]
[Round "2"]
[White "Warrior"]
[Black "oimbativel"]
[Result "1-0"]
[WhiteElo "1993"]
[BlackElo "1975"]

1. e4 e5 2. Nf3 Nc6 3. d4 exd4 4. Bc4 h6 5. Nxd4 Ne5 6. Bb3 d6 7. O-O Bg4 8. Qd2
Nf6 9. Nc3 Qe7 10. h3 Bh5 11. f4 Ned7 12. f5 O-O-O 13. g4 Bxg4 14. hxg4 Nxg4 15.
Qf4 Qh4 16. Bxf7 Nde5 17. Be6+ Kb8 18. Bd2 g5 19. fxg6 h5 20. Nf5 Qh3 21. Qg3
Qxg3+ 22. Nxg3 Nxg6 23. Bg5 Be7 24. Bxe7 Nxe7 25. Bxg4 hxg4 26. Nf5 Ng6 27. Kg2
Ne5 28. Rh1 Rhg8 29. b3 a6 30. Kg3 Rdf8 31. Raf1 b5 32. Nd5 Rh8 33. Rxh8 Rxh8
34. Nf4 Kb7 35. Nh4 Rg8 36. Nd3 Nc6 37. c3 a5 38. Rf4 b4 39. cxb4 axb4 40. Rxg4
Rxg4+ 41. Kxg4 1-0

[Event "AUTO-OPEN-776"]
[Site "http://www.queenalice.com/game.php?id=345174"]
[Date "2008.1.29"]
[Round "2"]
[White "oimbativel"]
[Black "Warrior"]
[Result "0-1"]
[WhiteElo "1991"]
[BlackElo "1991"]

1. e4 c5 2. Bc4 g6 3. Qf3 e6 4. d3 Nc6 5. c3 Ne5 6. Qg3 Nxc4 7. dxc4 Bg7 8. e5
Ne7 9. Bg5 h6 10. Ne2 hxg5 11. Qxg5 Nc6 12. Qe3 Nxe5 13. h3 Qb6 14. b3 Nxc4 15.
Qc1 Ne5 16. O-O O-O 17. Qd2 d5 18. Ng3 d4 19. Ne4 Bd7 20. c4 Bc6 21. Ng5 Nd7 22.
Qd3 Nf6 23. Nd2 Qc7 24. Rae1 Rfe8 25. Ndf3 e5 26. Nh2 e4 27. Qe2 Qf4 28. h4 Qxh4
29. Nh3 e3 30. f3 Nh5 31. a3 Ng3 32. Qa2 Nxf1 33. Kxf1 Qg3 34. Kg1 Qxe1+ 0-1

[Event "anax"]
[Site "http://www.queenalice.com/game.php?id=423355"]
[Date "2008.6.26"]
[Round "3"]
[White "CJ"]
[Black "oimbativel"]
[Result "0-1"]
[WhiteElo "1436"]
[BlackElo "1960"]

1. e4 e5 2. Nf3 d6 3. Bc4 Bg4 4. Nc3 Nf6 5. d3 h6 6. O-O Nc6 7. Be3 a6 8. Bb3
Qd7 9. a3 g5 10. h3 Bh5 11. Nd5 Be7 12. Nxe7 Nxe7 13. c4 g4 14. Nh2 gxh3 15. f3
Rg8 16. Rf2 O-O-O 17. Bxh6 Rg6 18. Ng4 Bxg4 19. fxg4 Nxg4 20. Rxf7 Nxh6 21. Rh7
Rxg2+ 0-1

[Event "anax"]
[Site "http://www.queenalice.com/game.php?id=475703"]
[Date "2008.10.10"]
[Round "5"]
[White "Rutty"]
[Black "oimbativel"]
[Result "1-0"]
[WhiteElo "2024"]
[BlackElo "1968"]

1. e4 e5 2. Nf3 Nc6 3. Bc4 h6 4. Nc3 a6 5. O-O d6 6. h3 Nf6 7. d4 g5 8. dxe5 Na5
9. Bxf7+ Kxf7 10. exf6 Qxf6 11. Qd5+ Be6 12. Qd3 Bc4 13. Qd2 Bxf1 14. Kxf1 Nc6
15. Nd5 Qd8 16. h4 Ke6 17. hxg5 Kd7 18. e5 Kc8 19. g6 Rg8 20. Qd3 Nxe5 21. Nxe5
dxe5 22. Qh3+ Kb8 23. Qe6 Bg7 24. Be3 b6 25. Nxc7 Qxc7 26. Qxg8+ Kb7 27. Qf7
Qxf7 28. gxf7 Rf8 29. Rd1 Rxf7 30. Rd6 Rc7 31. Rxb6+ Kc8 32. c3 Rd7 33. Rxa6 Rb7
34. Ra7 h5 35. Rxb7 Kxb7 36. c4 e4 37. b3 Bc3 38. Ke2 Ka6 39. Bd2 Be5 40. g3 Kb6
41. Ke3 1-0

[Event "anax-2"]
[Site "http://www.queenalice.com/game.php?id=529487"]
[Date "2009.1.25"]
[Round "1"]
[White "technicaldraw"]
[Black "oimbativel"]
[Result "1-0"]
[WhiteElo "1829"]
[BlackElo "1954"]

1. e4 e5 2. Nf3 d6 3. d4 Nd7 4. Bc4 h6 5. Nc3 Nb6 6. Bb3 Qf6 7. h3 Bd7 8. Be3
Ne7 9. dxe5 dxe5 10. Qe2 Nc6 11. Bxb6 cxb6 12. Nd5 Qd8 13. O-O Bd6 14. Rfd1 g5
15. Nxb6 Qxb6 16. Rxd6 O-O-O 17. Nxe5 Be6 18. Rxd8+ Rxd8 19. Nxc6 Qxc6 20. Bxe6+
fxe6 21. b3 Qc3 22. Rd1 Rh8 23. Rd3 Qa1+ 24. Kh2 Qxa2 25. Rc3+ Kb8 26. Qc4 Qa5
27. Rf3 Qe5+ 28. g3 Rc8 29. Qd3 h5 30. c4 g4 31. Rf4 a6 32. hxg4 Qg5 33. Qd6+
Ka7 34. Qxe6 Rd8 35. Qf5 Qg7 36. gxh5 Rh8 37. Qc5+ Ka8 38. Qd5 Qg6 39. Rf8+ 1-0

[Event "anax-2"]
[Site "http://www.queenalice.com/game.php?id=622673"]
[Date "2009.7.21"]
[Round "3"]
[White "EdsonEstevam"]
[Black "oimbativel"]
[Result "0-1"]
[WhiteElo "1818"]
[BlackElo "1937"]

1. e4 e5 2. Bc4 Bc5 3. d3 h6 4. Nf3 d6 5. a3 a6 6. Nc3 Nf6 7. b4 Ng4 8. bxc5
dxc5 9. h3 Nf6 10. Nxe5 Qe7 11. Bxf7+ Kd8 12. d4 Bd7 13. Bf4 Nc6 14. Ng6 Qxf7
15. Nxh8 Qc4 16. d5 Nd4 17. Bd2 Be8 18. Rb1 Nxe4 19. Rb2 Nxc3 20. Rxb7 Nxd5 21.
Rb2 Ke7 22. c3 Ba4 23. Qg4 Re8 24. Ng6+ Kd6+ 25. Be3 Qxc3+ 26. Rd2 Qc1+ 27. Rd1
Nc2+ 28. Ke2 Nd4+ 29. Ke1 Bxd1 30. Qxd1 Nc2+ 31. Ke2 Qb2 32. Kf3 Qf6+ 33. Nf4
Nxe3 34. Qd2 Qxf4+ 35. Ke2 Nc4+ 36. Kd3 Qd4+ 37. Kc2 Qxd2+ 38. Kb3 Na5+ 0-1

[Event "Challenge"]
[Site "http://www.queenalice.com/game.php?id=667611"]
[Date "2009.10.15"]
[Round "-"]
[White "MMANZAN"]
[Black "oimbativel"]
[Result "1-0"]
[WhiteElo "1945"]
[BlackElo "1948"]

1. c4 e5 2. Nc3 Nf6 3. Nf3 Nc6 4. g3 d6 5. Bg2 Bd7 6. d3 h6 7. O-O g5 8. Be3 g4
9. Nd2 h5 10. Qb3 Na5 11. Qa3 c6 12. b4 d5 13. cxd5 cxd5 14. Qxa5 b6 15. Qa3 Bc6
16. Bg5 Be7 17. Bxf6 Bxf6 18. Qb3 h4 19. Nxd5 Rc8 20. Nxf6+ Qxf6 21. Rac1 h3 22.
Bxc6+ Rxc6 23. Ne4 Qg6 24. Qd5 O-O 25. Rxc6 Qf5 26. f3 Kg7 27. fxg4 Qxg4 28.
Qxe5+ Kg8 29. Nf6+ 1-0

[Event "Challenge"]
[Site "http://www.queenalice.com/game.php?id=668584"]
[Date "2009.10.17"]
[Round "-"]
[White "MMANZAN"]
[Black "oimbativel"]
[Result "1-0"]
[WhiteElo "2071"]
[BlackElo "1932"]

1. d4 e6 2. c4 d5 3. Nc3 Nf6 4. cxd5 exd5 5. Bg5 Be7 6. e3 a6 7. Bxf6 Bxf6 8.
Bd3 Be6 9. Qc2 Nc6 10. Bxh7 g6 11. Bxg6 fxg6 12. Qxg6+ Bf7 13. Qf5 Rg8 14. Kf1
Rg5 15. Qf4 Nb4 16. Rd1 Be6 17. Nf3 Rf5 18. Qg3 Qd7 19. Ne5 Bxe5 20. dxe5 O-O-O
21. f4 Qc6 22. a3 Rg8 23. Qf2 Qc4+ 24. Qe2 Qxe2+ 25. Nxe2 Nc2 26. Kf2 d4 27.
exd4 Bd5 28. Rhg1 b5 29. h3 a5 30. g3 Bb3 31. h4 b4 32. axb4 axb4 33. g4 Rf7 34.
f5 Ba4 35. h5 b3 36. f6 Bd7 37. g5 Nb4 38. h6 Bf5 39. Nf4 c6 40. g6 Rff8 41. h7
Rxg6 42. Rxg6 Bxg6 43. Nxg6 1-0

[Event "anax-2"]
[Site "http://www.queenalice.com/game.php?id=682904"]
[Date "2009.11.14"]
[Round "4"]
[White "oimbativel"]
[Black "muppyman"]
[Result "0-1"]
[WhiteElo "1922"]
[BlackElo "2027"]

1. e4 e6 2. d4 d5 3. exd5 exd5 4. Nc3 Nf6 5. Be2 Be7 6. h3 c6 7. Nf3 Nbd7 8. Be3
O-O 9. Qd2 Bb4 10. Bd3 Re8 11. O-O-O Ne4 12. Qe1 Nxc3 13. bxc3 Ba3+ 14. Kd2 Qa5
15. Rb1 Nf6 16. Ke2 Ne4 17. Kf1 Qxc3 18. Qe2 Qa5 19. Rb3 Bd6 20. g3 Bxg3 21. Rg1
Bxh3+ 22. Rg2 Bxg2+ 23. Kxg2 Bd6 24. Qf1 Qc7 25. Qh1 Re6 26. Bg5 Rg6 27. Kf1 c5
28. c4 dxc4 29. Bxc4 cxd4 30. Bd3 Nxg5 31. Bxg6 fxg6 32. Nxg5 Qc1+ 33. Kg2 Qxg5+
34. Kf1 Qc1+ 35. Kg2 Qxh1+ 36. Kxh1 b6 37. a4 Rc8 38. Kg2 Rc4 39. a5 Bc5 40.
axb6 Bxb6 41. Kf3 Rc3+ 42. Rxc3 dxc3 43. Ke2 h5 44. f3 h4 0-1

[Event "anax-2"]
[Site "http://www.queenalice.com/game.php?id=783898"]
[Date "2010.6.1"]
[Round "5"]
[White "Arianna"]
[Black "oimbativel"]
[Result "0-1"]
[WhiteElo "1344"]
[BlackElo "1910"]

1. e4 e5 2. Bd3 Nc6 3. b3 d6 4. Nf3 Bg4 5. h3 a6 6. c3 Be6 7. Rf1 g5 8. g4 h6 9.
Bb2 Bg7 10. Rg1 Bf6 11. c4 Nb4 12. Be2 Ne7 13. a3 Nbc6 14. Nc3 Ng6 15. Bd3 Nf4
16. Bf1 Bg7 17. Na4 Na5 18. Rc1 Nxh3 19. Bxh3 h5 20. Rg3 hxg4 21. Bxg4 Qf6 22.
Bh5 Rxh5 23. Rg1 g4 24. Bc3 Nc6 25. Nh2 Rxh2 26. Rf1 O-O-O 27. d3 Bh6 28. Rc2
Rh8 29. c5 Bxb3 30. Nb6+ cxb6 31. Qb1 Bxc2 32. Qxc2 bxc5 33. Qd1 Qf3 34. Qb3
Qxd3 35. Qe6+ fxe6 36. Bb2 Qd2# 0-1